| 000 | 00895cam a2200337 4500 | ||
|---|---|---|---|
| 001 | ABS61519 | ||
| 008 | 000000n1999 000 0 eng u | ||
| 035 | _a(Sirsi) u101618 | ||
| 245 | _aRegional survey: Essex | ||
| 260 | _c1999 | ||
| 490 |
_aProperty Week _v64(42) 29 October 1999, 94-108(7) |
||
| 590 | _aABS | ||
| 650 | _aESSEX | ||
| 650 | _aTRANSPORT | ||
| 650 | _aHARLOW | ||
| 650 | _aPROPERTY-COMMERCIAL PROPERTY-OFFICE PROPERTY-OFFICE PROPERTY MARKET | ||
| 650 | _aOFFICE RENTS | ||
| 650 | _aINDUSTRIAL MARKET | ||
| 650 | _aINDUSTRIAL RENTS | ||
| 650 | _aBOREHAM | ||
| 650 | _aPURFLEET | ||
| 650 | _aPLANNING | ||
| 650 | _aROMFORD | ||
| 650 | _aBASILDON | ||
| 650 | _aBISHOPS STORTFORD | ||
| 650 | _aBRENTWOOD | ||
| 650 | _aCHELMSFORD | ||
| 650 | _aWILDLIFE CONSERVATION | ||
| 690 | _aPROPERTY-COMMERCIAL PROPERTY-COMMERCIAL PROPERTY MARKET | ||
| 942 | _n0 | ||
| 999 |
_c60747 _d60747 |
||